000 00829nam a2200229 a 4500
001 000023647
005 20200930022353.0
008 101216s1976 mx 000 0 spa d
040 _aDO-SdBNP
_bspa
_cBNPHU
041 1 7 _aspa
_heng
_2Código de idiomas MARC
082 _ann*
_bnn*
100 1 _aShils, Edward.
_948723
240 1 0 _aThe intelectuals and the powers.
_lEspañol
245 1 0 _aLos intelectuales en los países en desarrollo /
_cEdward Shils ; traducción Flora Setaro.
260 _aMéxico, D. F. :
_bDimelisa, Distribuidora Mexicana de Libros,
_c1976.
300 _a214 p. ;
_c20 cm.
490 1 _aEdiciones Tres Tiempos
_v3
534 _aTítulo de la obra en inglés :
_tThe intelectuals and the powers
700 1 _aSatero, Flora,
_etr.
_948724
830 0 _aEdiciones Tres Tiempos
_v3
_948725
049 _aBNGR
999 _c23143
_d23143